| 000 | 01138nam a22003257a 4500 | ||
|---|---|---|---|
| 003 | CHAP | ||
| 005 | 20220329140611.0 | ||
| 008 | 971013s1960 r 10010 d | ||
| 010 | _a54569 | ||
| 011 | _a55541 | ||
| 035 | _a59693 | ||
| 040 | _cCHAP | ||
| 082 |
_a333.76 _bS4 |
||
| 111 | 0 | 0 |
_aSeminario sobre Sistemas de Plantación del Nuevo Mundo ( _d1957 _c: San Juan, P.R.) _9104347 |
| 245 |
_aSistemas de plantaciones en el Nuevo Mundo _b: estudio y resúmenes de discusiones |
||
| 260 |
_aWashington : _bUnión Panamericana, _c1960 |
||
| 300 | _a236 p. | ||
| 490 |
_aEstudios monográficos _v; 7 |
||
| 590 |
_aBATCH-UPD _b10 _c20130110 _lUCH01 _h0159 |
||
| 590 |
_aBATCH-UPD _b10 _c20130110 _lUCH01 _h2245 |
||
| 590 |
_aBATCH-UPD _b10 _c20130409 _lUCH01 _h2206 |
||
| 590 |
_aBATCH-UPD _b10 _c20130410 _lUCH01 _h1539 |
||
| 590 |
_aBATCH-UPD _b10 _c20130914 _lUCH01 _h1329 |
||
| 590 |
_aCONVERSION _b10 _c20130109 _lUCH01 _h1329 |
||
| 650 | 1 | 4 |
_aTierras _xTenencia _xAmérica Latina. _9113135 |
| 830 | 0 |
_aEstudios monográficos _v; 7 _938551 |
|
| 901 | _aBK | ||
| 942 | _cLIBRO | ||
| 949 |
_a333.76 S4 _bBC _cLIBRO _d33724000333977 _eLIBRO _i59693 _si |
||
| 999 |
_c54569 _d54569 |
||